000
00345nam a2200157Ia 4500
003
OSt
005
20231223050609.0
008
170524s9999 xx 000 0 und d
020
_a
007068216x
040
_c
iimt university meerut
100
_a
HAWKINS DELI
100
_c
2010
245
0
_a
CONSUMER BEHAVIOR
260
_a
TMH
942
_2
ddc
_c
02
999
_c
2594
_d
2594